LEADER 00962nam0 2200277 450 001 000014335 005 20090415110155.0 100 $a20080715g19681972km-y0itay50------ba 101 0 $aita 102 $aIT 105 $ay-------001yy 200 1 $aTrattato di statistica$fFrancesco Brambilla 210 $aTorino$cUTET$d1968-1972 215 $av.$d24 cm 327 0 $a1.: La variabilità. - 1968$a2.: Statistica aziendale e ricerca operativa. - 1969$a5.: Matematica per statistici, esercizi di statistica. - 1970 500 10$aTrattato di statistica$956966 610 1 $aStatistica matematica 676 $a001.422$v19$9Metodi di ricerca. Metodo statistico 702 1$aBrambilla,$bFrancesco 801 0$aIT$bUNIPARTHENOPE$c20080715$gRICA$2UNIMARC 912 $a000014335 951 $a211.1/146$bCNR/94/L$cNAVA2 951 $a214/82$bCNR/364/L$cNAVA2 951 $a212.1/115$bCNR/363/L$cNAVA2 996 $aTrattato di statistica$956966 997 $aUNIPARTHENOPE LEADER 01118cam0 22003133 450 001 SOB017350 005 20200522075958.0 010 $a8807102471 100 $a20040211d1998 |||||ita|0103 ba 101 $aita 102 $aIT 200 1 $a"Bisogna difendere la società"$fMichel Foucault$gsotto la direzione di François Ewald$gAlessandro Fontana$gcur.Mauro Bertani$gAlessandro Fontana 210 $aMilano$cFeltrinelli$d1998 215 $a282 p.$d22 cm 225 2 $aCampi del sapere 410 1$1001LAEC00015034$12001 $a*Campi del sapere 700 1$aFoucault$b, Michel$3AF00004660$4070$0124914 702 1$aEWALD, François$3AF00021685$4070 702 1$aFONTANA, Alessandro$3AF00021686$4070 702 1$aBERTANI, Mauro$3AF00021687$4070 801 0$aIT$bUNISOB$c20200522$gRICA 850 $aUNISOB 852 $aUNISOB$j100$m111426 912 $aSOB017350 940 $aM 102 Monografia moderna SBN 941 $aM 957 $a100$b010199$gSI$d111426$rACQUISTO$1Spinosa$2UNISOB$3UNISOB$420200522075909.0$520200522075934.0$6Spinosa 996 $aFaut défendre la société$925240 997 $aUNISOB